Harry Potter Characters Screen Time By Movie-The Prisoner Of Azkaban - Statistics

General Stats
  • This quiz has been taken 3 times
  • The average score is 18 of 33
Answer Stats
Screen Time Answer % Correct
6:18 Albus Dumbledore
100%
4:00 Draco Malfoy
100%
1:14:30 Harry Potter
100%
34:48 Hermione Granger
100%
19:18 Remus Lupin
100%
21:18 Ron Weasley
100%
5:18 Rubeus Hagrid
100%
5:48 Severus Snape
100%
11:30 Sirius Black
100%
3:00 Cornelius Fudge
67%
2:48 Fred Weasley
67%
2:30 George Weasley
67%
2:00 Gregory Goyle
67%
1:48 Minerva Mcgonagall
67%
3:00 Neville Longbottom
67%
2:30 Scabbers/Peter Pettigrew
67%
1:48 Seamus Finnigan
67%
1:48 Arthur Weasley
33%
7:48 Buckbeak
33%
1:48 Dudley Dursley
33%
1:00 Ernie Prang
33%
1:00 Hedwig
33%
2:18 Petunia Dursley
33%
1:00 Rosmerta
33%
2:00 Stan Shunpike
33%
1:00 Tom Marvalo Riddle/Lord Voldemort
33%
3:00 Vernon Dursley
33%
2:00 Vincent Crabbe
33%
1:18 Argus Filch
0%
1:00 Lavender Brown
0%
2:48 Marge Dursley
0%
1:18 Parvati Patil
0%
2:48 Sybil Trelawny
0%
No matching quizzes found
Score Distribution
Percent of People with Each Score
Percentile by Number Answered
Your Score History
You have not taken this quiz